1905 1777 1745 1408 1073 1298 1911 1862 1604 1240 1604 1333 1746 1396 1574 1011 1318 1036 1584 1532 1332 1890 1308 1518 1233 1078 1048 1384 1171 1737 1750 1224 1537 1130 1706 1778 1492 1280 1418 1712 1556 1490 1201 1399 1653 1118 1884 1470 1604 1541 1262 1346 1987 1554 1426 1055 1055 1586 1419 1630 1120 1474 1091 1425 1544 1003 1285 1560 1978 1675 1378 1385 1277 1691 1957 1768 1070 1081 1186 1857 1472 1537 1211 1028 1210 1593 1434 1022 1950 1407 1034 1984 1417 1266 1570 1334 1984 1799 1968 BCNSPRNW ULIB Ver.6.0+V

เปลี่ยนเป็นภาษาไทย

Change to English
 แสดงรายละเอียดบรรณานุกรม
  กลับหน้าหลัก

Brief Record : Get Marc (ISO 2709) : E-mail record : QR code < ปิดหน้าต่าง
LEADER : 00000nam 2200000uu 4500
001    13399128824
003     ULIB
008    241009s2565||||th 000 0 tha d
020    ^a9786168012345
060    ^aWX159 อ431
100    ^aศิริอร สินธุ; พัชรินทร์ ยศเทียม; ชฎารัตน์ สมทอง; นภาวรรณ ศิริประเสิร์ฐ; ณาตยา โสนน้อย; ปราณี ทองใส; วีรวรรณ สิงหสุริยะ; รวมพร คงกำเนิด; สุกัญญา พูลทรัพย์; สุณี สุวรรณพสุ
245    ^aอัตรากำลัง รหัสกิจกรรม และค่าบริการพยาบาล / ศิริอร สินธุ พัชรินทร์ (บก.)
250    ^aพิมพ์ครั้งที่ 1
260    ^aนนทบุรี :^bสภาการพยาบาล,^c2565
650    ^aโรคเฉพาะทาง
945    ^p380^l0^i011003
945    ^p380^l0^i011004
945    ^p380^l0^i011005
999    ^aประนอม เกษจรัล
รายการนี้ยังไม่มีแท็ก
คุณยังไม่ได้ล็อกอิน คุณสามารถมีกิจกรรมร่วมกับเว็บไซต์ได้ แต่ต้องล็อกอินก่อน ::
  ล็อกอิน

รายการสื่อสารสนเทศ

ลำดับที่ ประเภท เลขเรียก/บาร์โค้ด สถานที่ สถานะ
1. วิทยาศาสตร์การแพทย์ และสุขภาพ
หนังสือสำรอง
สถานะ=หนังสือสำรอง
WX159 อ431 ฉ.1 
  Barcode: 011003
ห้องสมุดวิทยาเขตสวรรค์ประชารักษ์
►หนังสือทั่วไป
บนชั้น
2. วิทยาศาสตร์การแพทย์ และสุขภาพ
วิทยาศาสตร์การแพทย์ และสุขภาพ
WX159 อ431 ฉ.2 
  Barcode: 011004
ห้องสมุดวิทยาเขตสวรรค์ประชารักษ์
►หนังสือทั่วไป
บนชั้น
3. วิทยาศาสตร์การแพทย์ และสุขภาพ
วิทยาศาสตร์การแพทย์ และสุขภาพ
WX159 อ431 ฉ.3 
  Barcode: 011005
ห้องสมุดวิทยาเขตสวรรค์ประชารักษ์
►หนังสือทั่วไป
บนชั้น

รายการใกล้เคียง
    หัวเรื่อง [โรคเฉพาะทาง]

BibComment


ยังไม่เคยถูกคอมเมนท์

คอมเมนท์ทรัพยากรรายการนี้
  คอมเมนท์: อัตรากำลัง รหัสก..


 Copyright 2026. Bcnsprnw @Library